[Event "US Masters op"]
[Site "Charlotte"]
[Date "2023.11.22"]
[Round "1"]
[White "Martin Del Campo C, Roberto Abel"]
[Black "Khanin, Semen"]
[Result "1/2-1/2"]
[WhiteElo "2212"]
[BlackElo "2581"]
[PlyCount "80"]
[EventDate "2023.11.22"]
[EventType "swiss"]
[EventRounds "9"]
[EventCountry "USA"]
[SourceTitle "CB48_2023"]
[SourceDate "2023.11.29"]
[SourceVersion "1"]
[SourceVersionDate "2023.11.29"]
[SourceQuality "1"]

1. e4 e5 2. Nf3 Nc6 3. Bb5 a6 4. Ba4 Nf6 5. 0-0 b5 6. Bb3 Bb7 7. Re1 Bc5 8. c3 d6 9. d4 Bb6 10. h3 h6 11. Be3 0-0 12. d5 Ne7 13. Bxb6 cxb6 14. Nbd2 Ng6 15. Nf1 Bc8 16. Ng3 Nf4 17. c4 bxc4 18. Bxc4 b5 19. Bf1 Bd7 20. Qd2 Qb6 21. Rac1 Rfc8 22. Rxc8+ Rxc8 23. Rc1 Rxc1 24. Qxc1 a5 25. Qc2 Ne8 26. Ne2 Nxe2+ 27. Bxe2 Nc7 28. Nd2 Na6 29. a3 g6 30. Bg4 Bxg4 31. hxg4 Qc5 32. Qxc5 Nxc5 33. b4 axb4 34. axb4 Nd3 35. Nb1 Nxb4 36. Na3 Kf8 37. Nxb5 Ke7 38. f3 f5 39. gxf5 gxf5 40. Kh2 f4 1/2-1/2

[Event "Naperville Bisguier Memorial"]
[Site "Naperville"]
[Date "2023.04.02"]
[Round "?"]
[White "Martin Del Campo C, Roberto Abel"]
[Black "Carey, Aidan M"]
[Result "1-0"]
[WhiteElo "2215"]
[BlackElo "1915"]
[PlyCount "61"]
[EventDate "2023.03.29"]
[EventType "tourn"]
[EventRounds "9"]
[EventCountry "USA"]
[SourceTitle "EXT 2024"]
[Source "ChessBase"]
[SourceDate "2023.10.10"]
[SourceVersion "1"]
[SourceVersionDate "2023.10.10"]
[SourceQuality "1"]

1. e4 g6 2. d4 Bg7 3. Nc3 d6 4. f4 e6 5. Be3 Ne7 6. Qd2 Nd7 7. Bd3 b6 8. Nge2 Bb7 9. 0-0 f5 10. e5 0-0 11. a4 a6 12. b4 Nd5 13. Nxd5 exd5 14. b5 axb5 15. axb5 c5 16. bxc6 Bxc6 17. Qb4 Qc7 18. Nc3 dxe5 19. fxe5 Rfd8 20. Qe7 Qc8 21. Ba6 Qb8 22. Qe6+ Kh8 23. Qxc6 Nxe5 24. dxe5 Qxe5 25. Nxd5 Qxd5 26. Qxd5 Rxd5 27. Bb7 Bxa1 28. Bxd5 Re8 29. Rxa1 Rxe3 30. c4 Rd3 31. Rb1 1-0

[Event "Charlotte CCCSA Spring IM-B"]
[Site "Charlotte"]
[Date "2023.03.18"]
[Round "7"]
[White "Martin Del Campo C, Roberto Abel"]
[Black "Putnam, Liam H"]
[Result "0-1"]
[WhiteElo "2215"]
[BlackElo "2285"]
[PlyCount "82"]
[EventDate "2023.03.15"]
[EventType "tourn"]
[EventRounds "9"]
[EventCountry "USA"]
[SourceTitle "CBM 213 Extra"]
[Source "ChessBase"]
[SourceDate "2023.05.31"]
[SourceVersion "1"]
[SourceVersionDate "2023.05.31"]
[SourceQuality "1"]

1. e4 c6 2. d4 d5 3. Nd2 dxe4 4. Nxe4 Nf6 5. Nxf6+ exf6 6. Bc4 Bd6 7. Qe2+ Be7 8. c3 0-0 9. Qf3 c5 10. Ne2 Nc6 11. Be3 cxd4 12. Nxd4 Ne5 13. Qe2 Bg4 14. f3 Bd7 15. 0-0 a6 16. Bb3 Re8 17. h3 Rc8 18. f4 Ng6 19. Rad1 Qc7 20. Qf2 Bd6 21. Bc1 Re7 22. Kh2 Rce8 23. g3 Bc5 24. Rfe1 h5 25. Rxe7 Rxe7 26. h4 Bg4 27. Re1 Qd7 28. Be3 Nf8 29. Nc2 Bd6 30. Bd4 Ne6 31. Ne3 Nxd4 32. cxd4 Bb4 33. Rc1 Qe8 34. Ng2 Re2 35. Qf1 Qe4 36. Bd1 Rxb2 37. Bxg4 hxg4 38. Rd1 Qf3 39. Rc1 Rxa2 40. Qg1 g6 41. Rc7 Ra3 0-1

[Event "Charlotte CCCSA Spring IM-B"]
[Site "Charlotte"]
[Date "2023.03.16"]
[Round "3"]
[White "Martin Del Campo C, Roberto Abel"]
[Black "Luo, Terry"]
[Result "1/2-1/2"]
[WhiteElo "2215"]
[BlackElo "2310"]
[PlyCount "44"]
[EventDate "2023.03.15"]
[EventType "tourn"]
[EventRounds "9"]
[EventCountry "USA"]
[SourceTitle "CBM 213 Extra"]
[Source "ChessBase"]
[SourceDate "2023.05.31"]
[SourceVersion "1"]
[SourceVersionDate "2023.05.31"]
[SourceQuality "1"]

1. e4 e5 2. Nf3 Nc6 3. Bb5 a6 4. Ba4 Nge7 5. c3 Ng6 6. d4 exd4 7. cxd4 Bb4+ 8. Nc3 d5 9. exd5 Qxd5 10. 0-0 Bxc3 11. bxc3 0-0 12. Bb3 Qh5 13. Ng5 Qxd1 14. Rxd1 Na5 15. Re1 Nxb3 16. axb3 Bf5 17. f3 Bc2 18. b4 Rfe8 19. Bd2 Bb3 20. Kf2 f5 21. Nh3 Kf7 22. Nf4 Nxf4 1/2-1/2

[Event "New York Marshall Winter IM"]
[Site "New York"]
[Date "2023.02.25"]
[Round "7"]
[White "Martin Del Campo C, Roberto Abel"]
[Black "Lee, Alice"]
[Result "1-0"]
[WhiteElo "2225"]
[BlackElo "2320"]
[PlyCount "115"]
[EventDate "2023.02.22"]
[EventType "tourn"]
[EventRounds "9"]
[EventCountry "USA"]
[EventCategory "1"]
[SourceTitle "CBM 212 Extra"]
[Source "ChessBase"]
[SourceDate "2023.03.31"]
[SourceVersion "1"]
[SourceVersionDate "2023.03.31"]
[SourceQuality "1"]

1. e4 c5 2. Nf3 Nc6 3. d4 cxd4 4. Nxd4 Nf6 5. Nc3 e5 6. Ndb5 d6 7. Bg5 a6 8. Na3 b5 9. Nd5 Be7 10. Bxf6 Bxf6 11. c3 Bg5 12. Nc2 Rb8 13. Be2 0-0 14. 0-0 Ne7 15. Ncb4 Bb7 16. Nxe7+ Qxe7 17. Qd3 Qe6 18. Rad1 Rbd8 19. Bf3 g6 20. Qc2 Kh8 21. a4 bxa4 22. Qxa4 Qc4 23. Qc2 f5 24. Nd5 Qc5 25. g3 Rd7 26. b4 Qa7 27. c4 Rdf7 28. Kg2 Bxd5 29. Rxd5 fxe4 30. Bxe4 Be3 31. f3 Qb8 32. c5 dxc5 33. bxc5 Rb7 34. Qd3 Rb3 35. Qxa6 Rb2+ 36. Kh1 Qa8 37. Qd6 Qb8 38. c6 Qxd6 39. Rxd6 Rd2 40. Rxd2 Bxd2 41. Rd1 Ba5 42. Rd5 Bc7 43. Rd7 Ba5 44. h4 Rc8 45. h5 Kg8 46. Bd5+ Kh8 47. h6 Rd8 48. c7 Rf8 49. Bb7 Bxc7 50. Rxc7 g5 51. Be4 g4 52. fxg4 Kg8 53. Bxh7+ Kh8 54. Bf5 e4 55. Rc8 Rxc8 56. Bxc8 e3 57. Kg2 e2 58. Kf2 1-0

[Event "New York Marshall Winter IM"]
[Site "New York"]
[Date "2023.02.22"]
[Round "1"]
[White "Moskow, Eric"]
[Black "Martin Del Campo C, Roberto Abel"]
[Result "1/2-1/2"]
[WhiteElo "2144"]
[BlackElo "2225"]
[PlyCount "29"]
[EventDate "2023.02.22"]
[EventType "tourn"]
[EventRounds "9"]
[EventCountry "USA"]
[EventCategory "1"]
[SourceTitle "CBM 212 Extra"]
[Source "ChessBase"]
[SourceDate "2023.03.31"]
[SourceVersion "1"]
[SourceVersionDate "2023.03.31"]
[SourceQuality "1"]

1. c4 g6 2. Nc3 Bg7 3. g3 Nf6 4. Bg2 0-0 5. Nf3 d6 6. 0-0 Nc6 7. d3 e5 8. Rb1 a5 9. a3 Nd4 10. b4 axb4 11. axb4 c6 12. Bg5 h6 13. Bxf6 Bxf6 14. Nxd4 exd4 15. Ne4 1/2-1/2

[Event "Robert Byrne Memorial IM"]
[Site "Naperville"]
[Date "2023.01.19"]
[Round "3"]
[White "Martin Del Campo C, Roberto Abel"]
[Black "Putnam, Liam H"]
[Result "0-1"]
[WhiteElo "2235"]
[BlackElo "2282"]
[PlyCount "64"]
[EventDate "2023.01.18"]
[EventType "tourn"]
[EventRounds "9"]
[EventCountry "USA"]
[SourceTitle "CBM 212 Extra"]
[Source "ChessBase"]
[SourceDate "2023.03.31"]
[SourceVersion "1"]
[SourceVersionDate "2023.03.31"]
[SourceQuality "1"]

1. e4 c5 2. Nf3 d6 3. d4 cxd4 4. Nxd4 Nf6 5. Nc3 Nc6 6. Bg5 e6 7. Qd2 a6 8. 0-0-0 Bd7 9. f4 Be7 10. Nf3 b5 11. Bxf6 gxf6 12. Kb1 Qb6 13. g3 0-0-0 14. Bh3 Kb8 15. Rhe1 Na5 16. b3 Nb7 17. Nd4 Nc5 18. Bg2 Rc8 19. Rc1 h5 20. h4 Qa5 21. Re3 Rc7 22. Qe1 Rhc8 23. Bf3 f5 24. Nxf5 exf5 25. Nd5 Qxe1 26. Rexe1 Bc6 27. Nxc7 Rxc7 28. Bxh5 Nxe4 29. Re3 Nd2+ 30. Kb2 Bf6+ 31. Ka3 b4+ 32. Kxb4 Rb7+ 0-1

[Event "Charlotte CCCSA Fall IM-E"]
[Site "Charlotte"]
[Date "2022.11.19"]
[Round "3"]
[White "Caglar, Sila"]
[Black "Martin Del Campo C, Roberto Abel"]
[Result "1/2-1/2"]
[WhiteElo "2268"]
[BlackElo "2243"]
[PlyCount "56"]
[EventDate "2022.11.18"]
[EventType "tourn"]
[EventRounds "9"]
[EventCountry "USA"]
[SourceTitle "CBM 211 Extra"]
[Source "ChessBase"]
[SourceDate "2023.01.31"]
[SourceVersion "1"]
[SourceVersionDate "2023.01.31"]
[SourceQuality "1"]

1. e4 c5 2. c3 d5 3. exd5 Qxd5 4. d4 cxd4 5. cxd4 Nc6 6. Be3 e5 7. Nc3 Bb4 8. dxe5 Qxe5 9. Rc1 Nf6 10. Nf3 Qe7 11. Be2 Ne4 12. 0-0 Nxc3 13. bxc3 Ba3 14. Rb1 0-0 15. Nd4 Nxd4 16. cxd4 Bf5 17. Rb5 Bg6 18. Qb3 b6 19. Bf3 Rac8 20. Bg5 Qd6 21. Rd5 Qb4 22. Qxb4 Bxb4 23. Rd7 a5 24. Rb7 Rfe8 25. Be3 Bd3 26. Rd1 Bc2 27. Rf1 Bd3 28. Rd1 Bc2 1/2-1/2

[Event "Charlotte CCCSA Fall IM-E"]
[Site "Charlotte"]
[Date "2022.11.19"]
[Round "4"]
[White "Martin Del Campo C, Roberto Abel"]
[Black "Kunka, Harshid"]
[Result "0-1"]
[WhiteElo "2243"]
[BlackElo "2236"]
[PlyCount "112"]
[EventDate "2022.11.18"]
[EventType "tourn"]
[EventRounds "9"]
[EventCountry "USA"]
[SourceTitle "CBM 211 Extra"]
[Source "ChessBase"]
[SourceDate "2023.01.31"]
[SourceVersion "1"]
[SourceVersionDate "2023.01.31"]
[SourceQuality "1"]

1. e4 c6 2. d4 d5 3. e5 Bf5 4. Nf3 e6 5. Be2 Nd7 6. 0-0 Ne7 7. Nh4 c5 8. c3 Be4 9. Nd2 Nc6 10. Nxe4 dxe4 11. g3 Be7 12. Ng2 Qb6 13. Be3 Rd8 14. Qa4 Qb4 15. b3 Qxb3 16. Bb5 Qxc3 17. Rfc1 Qb4 18. Bxc6 bxc6 19. Qxc6 0-0 20. a3 Qa5 21. Qxe4 cxd4 22. Bxd4 Nb6 23. Ne1 Qa4 24. Nf3 Rd5 25. Rc7 Rd7 26. Rxd7 Qxd7 27. Qe3 Nd5 28. Qb3 a5 29. Rb1 a4 30. Qb7 Qxb7 31. Rxb7 Ra8 32. Bb2 h6 33. Nd2 Ra6 34. Kf1 Rc6 35. Ke2 g5 36. Kd3 Bxa3 37. Bxa3 Rc3+ 38. Kd4 Rxa3 39. Ra7 Ra2 40. Ne4 g4 41. Nd6 Rxf2 42. Rxa4 Rxh2 43. Ne4 Kg7 44. Ra1 Rb2 45. Rf1 Rb4+ 46. Kd3 h5 47. Nd6 Rb3+ 48. Kd4 Rxg3 49. Rxf7+ Kg8 50. Rf1 h4 51. Ne4 Rg2 52. Ng5 Rd2+ 53. Ke4 Re2+ 54. Kd4 g3 55. Rg1 g2 56. Nh3 Kg7 0-1

[Event "Naperville Diesen Memorial"]
[Site "Naperville"]
[Date "2022.09.26"]
[Round "8"]
[White "Oberoi, Shelev"]
[Black "Martin Del Campo C, Roberto Abel"]
[Result "1/2-1/2"]
[WhiteElo "2291"]
[BlackElo "2249"]
[PlyCount "48"]
[EventDate "2022.09.22"]
[EventType "tourn"]
[EventRounds "9"]
[EventCountry "USA"]
[SourceTitle "CBM 210 Extra"]
[Source "ChessBase"]
[SourceDate "2022.11.30"]
[SourceVersion "1"]
[SourceVersionDate "2022.11.30"]
[SourceQuality "1"]

1. e4 c5 2. c3 g6 3. d4 cxd4 4. cxd4 d5 5. e5 Nc6 6. Nc3 Nh6 7. Bb5 Bd7 8. Nf3 a6 9. Bxc6 Bxc6 10. Bf4 Nf5 11. g4 Ng7 12. Bh6 Qd7 13. h3 f5 14. Bxg7 Bxg7 15. g5 a5 16. Qd2 Bb5 17. 0-0-0 Ra6 18. Nxb5 Qxb5 19. Kb1 e6 20. Rc1 Rc6 21. Rxc6 bxc6 22. Rc1 Bf8 23. h4 Kd7 24. Qc2 Be7 1/2-1/2

[Event "Naperville Diesen Memorial"]
[Site "Naperville"]
[Date "2022.09.22"]
[Round "1"]
[White "Kogen, Jonathan S"]
[Black "Martin Del Campo C, Roberto Abel"]
[Result "1-0"]
[WhiteElo "2209"]
[BlackElo "2249"]
[PlyCount "117"]
[EventDate "2022.09.22"]
[EventType "tourn"]
[EventRounds "9"]
[EventCountry "USA"]
[SourceTitle "CBM 210 Extra"]
[Source "ChessBase"]
[SourceDate "2022.11.30"]
[SourceVersion "1"]
[SourceVersionDate "2022.11.30"]
[SourceQuality "1"]

1. d4 Nf6 2. Nf3 c5 3. d5 d6 4. Nc3 g6 5. e4 Bg7 6. Bc4 0-0 7. 0-0 Bg4 8. h3 Bxf3 9. Qxf3 Nfd7 10. Qd1 Na6 11. Re1 Nc7 12. a4 a6 13. a5 Rb8 14. Bg5 b5 15. axb6 Rxb6 16. Na4 Rb4 17. Bf1 Nf6 18. Qf3 Qd7 19. Bxf6 Bxf6 20. e5 Bg7 21. b3 Qd8 22. Rad1 Nb5 23. exd6 exd6 24. Bc4 Na3 25. c3 Rxa4 26. bxa4 Nxc4 27. Qe2 Nb6 28. Qxa6 Bxc3 29. Re2 Bd4 30. Rde1 Nxd5 31. Qc6 Nb4 32. Qb5 Kg7 33. Re7 Nd5 34. Rd7 Qf6 35. Rf1 Nf4 36. Kh2 Be5 37. g3 Nd5 38. Kg2 Qf5 39. a5 Qe4+ 40. Kh2 Nc3 41. Qb7 Qe2 42. Kg2 Ne4 43. a6 Bxg3 44. Re7 Be5 45. a7 Nd2 46. Rc1 Qe4+ 47. Qxe4 Nxe4 48. Rb1 Ra8 49. Rb8 Rxa7 50. Rxa7 d5 51. Rd8 d4 52. Re8 Kf6 53. Rae7 d3 54. Rxe5 Nd6 55. Kf1 c4 56. Ke1 c3 57. Re3 c2 58. Kd2 Nc4+ 59. Kc1 1-0